Statistics for Can you guess what these countries are? #2

Click here to take the quiz!

General Stats

  • This quiz has been taken 18 times
  • The average score is 14 of 16

Answer Stats

Answer% Correct
Egypt
100%
Norway
100%
Spain
100%
Cuba
94%
Indonesia
94%
Portugal
94%
Russia
94%
South africa
94%
Sweden
94%
Peru
89%
Denmark
83%
Mongolia
83%
Poland
78%
Bolivia
67%
Costa rica
67%
Palau
39%

Score Distribution

Percentile by Number Answered

Percent of People with Each Score

Your Score History

You have not taken this quiz